Paradigm shift : the new promise of information technology

Bibliographic Details
Main Author: Tapscott, Don
Other Authors: Caston, Art
Format: Book
Published: New York : McGraw-Hill , 1993
Subjects:

MARC

LEADER 00000cam a2200000 7i4500
001 0000003674
005 20050427.0
020 |a 0070628572 
040 |a INS 
090 0 0 |a HC79.155   |b T37 1993 
100 1 |a Tapscott, Don 
245 1 0 |a Paradigm shift :   |b the new promise of information technology   |c Don Tapscott 
260 |a New York :   |b McGraw-Hill ,   |c 1993 
300 |a 337p. ;   |c 23 cm. 
650 0 0 |a Information management   |x case studies 
650 0 0 |a Information technology   |x case studies 
700 0 |a Caston, Art 
999 |a 0000005586   |b BOOK   |c Open Shelf   |e Default branch